000 00666nam a2200217Ia 4500
001 14879
003 GE_BSU
008 181216s||||||||xx |||||||||||||| ||und||
040 _cGE_BSU
080 _a512(072)
100 _aБарыбин, К.С.
245 _aМетодика преподавания алгебры.
245 _bПособие для учителей восьмилетней школы.
245 _cРед. А.А. свечников.
260 _aМосква
260 _bПросвещение
260 _c1965.
300 _a338стр.22см.
653 _aМетодика преподавания алгебры.
942 _cBK
999 _c47999
_d47999